Selected problems in estimating firm-specific risk in companies in Slovakia

Vymedzenie kvality úveru.Pridelenie úverového ratingu pre spoločnosti na Slovensku. Hodnota špecifického rizika firmy.

Salvato in:
Dettagli Bibliografici
Autore principale: Gertler, Ľubomíra, 1977-
Natura: Capitolo di libro
Lingua:inglese
Soggetti:
Tags: Aggiungi Tag
Nessun Tag, puoi essere il primo ad aggiungerne!!

MARC

LEADER 00000naa$a2200000$$$4500
001 0031967
005 20240502071439.1
041 0 |a eng 
044 |a SK 
245 1 0 |a Selected problems in estimating firm-specific risk in companies in Slovakia  |c Ľubomíra Gertler 
520 |a Vymedzenie kvality úveru.Pridelenie úverového ratingu pre spoločnosti na Slovensku. Hodnota špecifického rizika firmy. 
610 2 0 |a riziko podnikateľské 
610 2 0 |a riziko úverové 
610 2 0 |a rating úverový 
610 2 0 |a podnik 
610 2 0 |a Slovensko 
610 2 0 |a odhady 
100 1 |a Gertler, Ľubomíra, 1977-